| 000 | 00408nam a22001457a 4500 | ||
|---|---|---|---|
| 999 |
_c67420 _d67420 |
||
| 005 | 20190214173910.0 | ||
| 010 | _aB-083655 | ||
| 020 | _c80.00 | ||
| 035 | _aB-083655 | ||
| 037 |
_aDPL _bENG |
||
| 245 | _aUniversal's the land acquisition act, 1894 with State amendments / | ||
| 260 |
_aDelhi _bUniversal Law Publishing Co. |
||
| 300 |
_a101p. _c20 cms. |
||
| 942 |
_2ddc _cEN _h346.04362 _mLAN |
||